000 00672nam a22002417a 4500
999 _c13802
_d13802
003 MIRAKIL
005 20211214000618.0
008 200306b tu ||||| |||| 00| 0 tur d
020 _a9786056872945
040 _aTR-AnCHP
_btur
_cTR-AnCHP
041 _atur
082 _a320.9561
_bA92g 2019
100 _aAydoğan, Metin
_d1945-
245 _aGeri dönüşten çöküşe/
_cMetin Aydoğan.
250 _a2 bs.
260 _aİzmir:
_bGözgü Yayıncılık,
_c2019.
300 _a304 s.:
_c21 sm.
504 _aBibliyografik bilgi içerir.
504 _aDizin vardır.
650 0 _aSiyaset ve yönetim
_xTürkiye
_y21 yy.
_99
942 _2ddc
_cBKS
999 _d1527